00351nam a2200145Ia 4500008004100000020001500041082001600056100001700072245003300089250000800122260003000130300000800160500002500168650001200193230524s9999 xx 000 0 und d a8170365562 a658.45bSUS aSushil Bahl 0aBusiness Communication Today a7TH aNEW DELHIbResponsec2004 a199 aQuantity Number: 10 aEnglish